[Event "1st Archibald 2019"]
[Site "Sochi"]
[Date "2019.05.14"]
[Round "3.12"]
[White "Guseva, Marina"]
[Black "Isanzhulov, Arystan"]
[Result "0-1"]
[WhiteElo "2402"]
[BlackElo "2254"]
[Annotator "TA"]
[PlyCount "68"]
[EventDate "2019.05.12"]
[EventType "swiss"]
[EventCountry "RUS"]
[SourceTitle "playchess.com"]
[Source "ChessBase"]
[SourceQuality "1"]

{[%evp 13,68,-14,16,17,12,20,29,8,28,29,18,23,44,45,44,46,75,19,49,22,127,121,135,137,137,71,74,0,-4,-7,-7,-38,-47,-43,0,-36,-37,-37,-40,-45,-39,-85,-81,-78,-70,-113,-82,-75,-67,-198,-189,-283,-272,-617,-604,-564,-527]} 1. d4 Nf6 2. c4 e6 3. Nc3 Bb4 4. f3 O-O 5. a3 Bxc3+ 6. bxc3 d6 7. e4 e5 8. Bd3 {E27: Nimzo-Indian: Sämisch: 5...0-0 6 f3} Nc6 9. Ne2 Na5 (9... b6 10. O-O Qe7 11. Be3 Nh5 12. g4 Nf6 13. Ng3 Na5 14. g5 Ne8 15. f4 f6 16. Ra2 Be6 17. gxf6 Nxf6 18. fxe5 dxe5 {0-1 (39) Ushenina,A (2440)-Gunina,V (2497) Khanty-Mansiysk 2018}) 10. Bg5 {White has an edge.} b6 11. Ng3 $146 ({Predecessor:} 11. O-O h6 12. Bh4 Qe7 13. Kh1 g5 14. Bf2 Be6 15. d5 Bd7 16. g3 Rfe8 17. Qc2 Rac8 {1-0 (26) Kushnir,A-Blagojevic,K Belgrade 1968}) 11... h6 $1 {[%cal Rh6g5]} 12. Be3 Qe8 13. O-O Be6 14. Qe2 Nh7 15. c5 (15. f4 $16) 15... bxc5 16. dxe5 dxe5 (16... c4 $11 17. Bc2 Nb3) 17. Bxc5 $16 Nb3 18. Bxf8 Qxf8 19. Ra2 ({White should try} 19. Rab1) 19... Rd8 {[#] ...Qc5+ is the strong threat.} 20. Qe3 (20. Bb1 $16) 20... Qc5 $11 21. Qxc5 Nxc5 22. Bb1 {Threatens to win with Rb2.} (22. Rd2 $5 {[%cal Rf1d1]} Rxd3 23. Rxd3 Nxd3 24. Rb1 $11) 22... Bxa2 23. Bxa2 Na4 24. Rc1 Rd3 25. Ne2 Rd2 26. Bb3 $1 Rxe2 27. Bxa4 $15 {[%mdl 4096] Endgame KRB-KRN} Ra2 28. Rb1 Rxa3 29. Rb8+ Nf8 30. Bb3 a5 {[%cal Ba7a5,Ba5a4][%mdl 32]} 31. Rb7 (31. Kf2 $15) 31... a4 $19 32. Bc4 (32. Bc2 $142) 32... Rxc3 33. Rxc7 $2 (33. Bd5) 33... Ne6 34. Rc8+ {[#]} Kh7 $1 {Accuracy: White = 37%, Black = 53%.} 0-1

[Event "1st Archibald 2019"]
[Site "Sochi"]
[Date "2019.05.14"]
[Round "3.13"]
[White "Potapova, Margarita"]
[Black "Gochelashvili, David"]
[Result "0-1"]
[WhiteElo "2253"]
[BlackElo "2392"]
[Annotator "TA"]
[PlyCount "124"]
[EventDate "2019.05.12"]
[EventType "swiss"]
[EventCountry "RUS"]
[SourceTitle "playchess.com"]
[Source "ChessBase"]
[SourceQuality "1"]

{[%evp 14,124,2,-9,0,0,6,4,10,0,0,-22,-17,-14,-20,-71,-60,-71,-67,-80,-62,-79,-79,-77,-39,-38,-48,-54,-52,-56,-48,-48,-47,-48,-49,-70,-62,-61,-37,-64,-68,-84,-70,-86,-85,-86,-66,-75,-47,-69,-67,-75,-70,-74,-79,-83,-60,-89,-83,-83,-83,-85,-83,-77,-77,-84,-12,-112,-112,-132,-132,-132,-132,-454,-446,-594,-589,-5587,-4802,-5414,-3264,-1754,-1428,-29972,-29947,-29973,-29974,-29972,-29952,-29975,-29941,-29974,-29975,-29975,-29976,-29974,-29975,-29975,-29976,-29978,-29979,-29979,-29980,-29980,-29981,-29981,-29981,-29981,-29982,-29982,-29983,-29983,-29984]} 1. d4 g6 2. e4 Bg7 3. Nc3 c5 4. dxc5 Qa5 5. Nf3 Bxc3+ 6. bxc3 Qxc3+ 7. Bd2 Qxc5 8. Bd3 Nf6 {B27: Sicilian: 2 Nf3, unusual Black 2nd moves} (8... d6 9. h3 Nc6 10. O-O Nf6 11. Re1 O-O 12. Bh6 Rd8 13. Qd2 Be6 14. Be3 Qa5 15. Qe2 Rac8 16. Ng5 {½-½ (24) Kosteniuk,A (2516)-Zvjaginsev,V (2659) Moscow 2005}) 9. O-O O-O 10. e5 Ng4 {The position is equal.} 11. Qe2 {And now h3 would win.} Nc6 {[%cal Rc6e5]} 12. Rfe1 d6 13. exd6 Qxd6 {Strongly threatening ...Nd4.} 14. g3 $146 (14. Bc3 $1 $11) ({Predecessor:} 14. Bc3 Qc5 15. Bb2 Be6 16. a4 Rfd8 17. h3 Nf6 18. Bb5 Rac8 19. Ba3 {½-½ (19) Wurschner,M (2295)-Skarba,S (2362) ICCF email 2007}) 14... Nf6 $17 15. Bf4 Qd5 16. Ne5 Bh3 {[%csl Gh3][%cal Rd5g2]} 17. f3 Nxe5 18. Bxe5 Qc5+ 19. Qf2 Qxf2+ 20. Kxf2 Be6 21. a4 Rfc8 22. a5 Nd7 23. Bd4 Nc5 24. Rab1 Nxd3+ 25. cxd3 Rd8 26. Ke3 Rd7 27. Rb4 a6 28. Rc1 Bd5 29. Bb6 Rd6 30. f4 f6 31. d4 Bc6 32. Re1 Kf7 33. Rb2 h6 34. h4 Rg8 35. Rf2 g5 36. hxg5 hxg5 37. Kd2 Re6 38. Rxe6 Kxe6 {[%mdl 4096] Endgame KRB-KRB} 39. Bc5 Be4 {[#]} (39... f5 $17) 40. Ke3 (40. f5+ $1 $11 {[%mdl 512] keeps the balance.} Bxf5 41. Re2+ Kd5 42. Rxe7) 40... f5 41. g4 Kd5 $1 42. fxg5 fxg4 {Hoping for ...g3.} 43. Rf4 $2 {[%mdl 8192] [#]} (43. Kf4 $17) 43... g3 $1 $19 44. Rg4 g2 45. g6 Rxg6 46. Rxg6 Bxg6 {KB-KB} 47. Kf2 {[#]} Be4 $1 48. Bb6 Kc4 {Black mates.} 49. Kg1 e6 50. Kf2 Kd3 51. Kg1 Bc6 52. Kf2 Bd5 53. Kg1 Ke2 54. Bc7 b5 55. axb6 Bb7 56. Bd6 a5 {[%cal Ba6a5,Ba5a4][%mdl 32]} 57. d5 Bxd5 58. Bc5 a4 59. Bd6 Ke3 60. Bc5+ Kd3 61. Kf2 Kc4 62. Bd6 Kb3 {Accuracy: White = 42%, Black = 72%.} 0-1

[Event "1st Archibald 2019"]
[Site "Sochi"]
[Date "2019.05.14"]
[Round "3.14"]
[White "Eraschenkov, Denis"]
[Black "Bimiev, Ahmad"]
[Result "1-0"]
[WhiteElo "2391"]
[BlackElo "2196"]
[Annotator "NA RC"]
[PlyCount "74"]
[EventDate "2019.05.12"]
[EventType "swiss"]
[EventCountry "RUS"]
[SourceTitle "playchess.com"]
[Source "ChessBase"]
[SourceQuality "1"]
[TimeControl "5400+30"]

1. e4 {[%emt 0:00:28]} c6 {[%emt 0:04:38]} 2. c4 {[%emt 0:00:29]} d5 {[%emt 0:00:37]} 3. exd5 {[%emt 0:00:32]} cxd5 {[%emt 0:00:33]} 4. cxd5 {[%emt 0:00:29]} Nf6 {[%emt 0:00:35]} 5. Nc3 {[%emt 0:00:30]} Nxd5 {[%emt 0:00:38]} 6. Bc4 {[%emt 0:00:30]} Nxc3 {[%emt 0:08:53] B10: Caro-Kann: 2 d3 and 2 c4} 7. bxc3 {[%emt 0:07:52]} Qc7 {[%emt 0:00:24]} 8. Qe2 {[%emt 0:00:24]} Nd7 {[%emt 0:00:24]} 9. Nf3 {[%emt 0:00:24]} e6 {[%emt 0:00:23]} 10. O-O {[%emt 0:00:23]} Be7 {[%emt 0:02:58]} 11. d4 {[%emt 0:06:08]} O-O {[%emt 0:00:31]} 12. Bd2 {[%emt 0:06:18]} (12. Bb2 b6 13. Bd3 Bb7 14. c4 Rfe8 15. Rac1 Qf4 16. Nd2 Nf6 17. g3 Qc7 18. f3 Rac8 19. Ne4 {½-½ (43) Timman,J (2573)-Gelfand,B (2737) Douglas 2017}) 12... Bf6 {[%emt 0:00:23]} 13. Bd3 $146 {[%emt 0:04:11]} ({Predecessor:} 13. Rfe1 b6 14. Bd3 Bb7 15. Rac1 Rfe8 16. Ng5 Bxg5 17. Bxg5 e5 18. Qg4 Kh8 19. Qf5 {1-0 (67) Okhotnik,V (2442)-Rooze,J (2262) Acqui Terme 2015}) 13... g6 {[%emt 0:18:51]} 14. Qe4 {[%emt 0:07:00]} Bg7 {[%emt 0:14:21]} 15. Rfe1 {[%emt 0:06:13]} e5 {[%emt 0:11:56]} 16. Qh4 {[%emt 0:05:02]} exd4 {[%emt 0:05:09]} 17. cxd4 {[%emt 0:00:32]} Nf6 {[%emt 0:01:01]} 18. Bb4 {[%emt 0:03:23]} Re8 {[%emt 0:02:15]} 19. Rxe8+ {[%emt 0:06:47]} Nxe8 {[%emt 0:00:25]} 20. Re1 {[%emt 0:00:45]} Nf6 {[%emt 0:03:35]} (20... Bd7 $1 $11) 21. Be7 $14 {[%emt 0:01:16]} Nd5 {[%emt 0:16:02]} 22. Bc5 {[%emt 0:04:55]} Be6 {[%emt 0:05:59]} 23. Ng5 {[%emt 0:03:41]} Nf6 {[%emt 0:00:15]} 24. Nxe6 {[%emt 0:02:56]} Qa5 {[%emt 0:00:58]} 25. Rb1 {[%emt 0:04:10]} fxe6 {[%emt 0:00:00]} 26. Bc4 {[%emt 0:00:28]} Re8 {[%emt 0:00:59]} 27. Qh3 {[%emt 0:03:42]} Nd5 {[%emt 0:00:34]} 28. Rxb7 {[%emt 0:01:58]} Qe1+ {[%emt 0:00:10]} 29. Bf1 {[%emt 0:00:00]} Nf4 {[%emt 0:00:18]} 30. Qe3 {[%emt 0:00:52]} Qxe3 {[%emt 0:00:21]} 31. fxe3 {[%emt 0:00:06]} Nd5 {[%emt 0:00:31]} 32. e4 {[%emt 0:05:12]} Nc3 {[%emt 0:00:02]} 33. e5 {[%emt 0:00:45]} Nxa2 {[%emt 0:00:28]} 34. Bb5 {[%emt 0:00:22]} Rd8 {[%emt 0:00:46]} 35. Bc4 {[%emt 0:01:21]} Nc3 {[%emt 0:00:00]} 36. Bxe6+ {[%emt 0:00:36]} Kh8 {[%emt 0:00:01]} 37. Rxa7 {[%emt 0:01:45]} Nb5 {[%emt 0:02:24]} 1-0

[Event "1st Archibald 2019"]
[Site "Sochi"]
[Date "2019.05.14"]
[Round "3.15"]
[White "Mikhailovsky, Vladimir"]
[Black "Pogosian, Manvel"]
[Result "1/2-1/2"]
[WhiteElo "2180"]
[BlackElo "2388"]
[Annotator "TA"]
[PlyCount "61"]
[EventDate "2019.05.12"]
[EventType "swiss"]
[EventCountry "RUS"]
[SourceTitle "playchess.com"]
[Source "ChessBase"]
[SourceQuality "1"]

{[%evp 19,61,0,6,-38,0,-15,10,-56,-56,-60,-63,-58,20,12,24,33,19,0,0,0,0,0,0,0,0,0,0,-7,-3,-20,11,-4,0,0,102,90,96,0,0,0,0,0,0,0]} 1. c4 c5 2. Nc3 g6 3. g3 Bg7 4. Bg2 Nc6 5. e3 e6 6. Nge2 Nge7 7. d4 cxd4 8. exd4 d5 9. cxd5 Nxd5 10. O-O O-O 11. Qb3 {[%cal Rc3d5] A36: Symmetrical English vs ...g6: 4 Bg2 Bg7} (11. Nxd5 exd5 12. Be3 Be6 13. Qd2 Re8 14. Nf4 Qd7 15. Rfe1 Ne7 16. Nxe6 Qxe6 17. Bf4 Qd7 18. Be5 Nc6 19. Bxg7 Kxg7 20. h4 h6 21. Qf4 Rad8 22. Rad1 Rxe1+ 23. Rxe1 Qd6 24. Qd2 Qf6 25. Rd1 Qd6 26. Re1 Qf6 27. Rd1 Qd6 28. Re1 {½-½ (28) Matlakov,M (2700)-Grischuk,A (2771) St Petersburg 2018}) 11... Na5 12. Qa3 Nxc3 13. bxc3 $146 (13. Nxc3 $11 Nc6 14. Bxc6 bxc6 15. Rd1) ({Predecessor:} 13. Qxc3) 13... Bd7 $15 14. Rb1 Re8 15. Bf4 Bc6 ({Better is} 15... Rc8 $15) 16. Bxc6 $11 bxc6 17. Qa4 Qd5 18. Bc7 Nc4 {[#] White must now prevent ...Nd2.} 19. Nf4 Qd7 20. Qxc4 {And now Ba5 would win.} Qxc7 21. Nd3 Rab8 22. Rb3 h5 23. Nb4 Rbc8 24. Rfb1 e5 25. Nd3 Qa5 26. Nc5 {Threatens to win with Rb7.} Qxa2 (26... Qd8 $11 {keeps the balance.}) 27. R1b2 $16 Qa1+ {[#]} 28. Rb1 (28. Kg2 $1 $16) 28... Qa2 $11 {Hoping for ...exd4.The position is equal.} 29. Nb7 {aiming for Nd6.} Bf8 {...exd4 is the strong threat.} 30. R1b2 Qa1+ 31. Rb1 {Accuracy: White = 41%, Black = 65%.} 1/2-1/2

[Event "1st Archibald 2019"]
[Site "Sochi"]
[Date "2019.05.14"]
[Round "3.16"]
[White "Gritsayeva, Oksana"]
[Black "Toprover, Viktor G."]
[Result "1-0"]
[WhiteElo "2383"]
[BlackElo "2275"]
[Annotator "TA"]
[PlyCount "107"]
[EventDate "2019.05.12"]
[EventType "swiss"]
[EventCountry "RUS"]
[SourceTitle "playchess.com"]
[Source "ChessBase"]
[SourceQuality "1"]

{[%evp 13,107,18,39,33,34,18,39,41,45,31,42,60,70,73,75,68,72,49,55,35,62,29,64,36,75,54,74,68,70,66,62,53,76,77,84,79,85,75,92,87,85,87,81,84,89,83,89,88,85,83,92,87,98,79,106,97,95,87,97,83,117,110,125,90,111,103,115,106,117,110,151,151,156,143,138,0,141,133,129,105,146,134,160,158,156,150,949,925,1068,1055,1047,1036,1012,1011,986,952]} 1. e4 e6 2. d4 d5 3. exd5 exd5 4. Nf3 Nf6 5. Bd3 Bd6 6. Qe2+ Qe7 7. Qxe7+ Bxe7 8. Bf4 {C01: French: Exchange Variation} (8. O-O O-O 9. Re1 Re8 10. Bf4 c6 11. Nbd2 Nbd7 12. Bg5 h6 13. Bh4 Kf8 14. a4 a5 15. c3 Bd6 16. Rxe8+ Nxe8 17. Nf1 Ndf6 18. Bg3 {½-½ (18) Nguyen,N (2641)-Lu,S (2636) Makati 2018}) 8... c6 9. O-O $146 ({Predecessor:} 9. h3 h6 10. O-O Be6 11. Re1 O-O 12. Ne5 Nbd7 13. Ng6 Rfe8 14. Nxe7+ Rxe7 15. Nd2 Ree8 {0-1 (76) Fernandez Diaz,I (2071)-Chacon Perez,J (2086) Linares 2018}) 9... h6 10. Re1 {White is slightly better.} Be6 11. Ne5 O-O 12. Ng6 Re8 13. Nxe7+ Rxe7 14. Nd2 Nbd7 15. Re2 Ree8 16. h3 Nf8 17. Be5 N6d7 18. Bh2 Nf6 19. Nf3 Rad8 20. Bc7 Rc8 21. Be5 N8d7 22. Bd6 Nf8 23. Rae1 Rcd8 24. Bc7 Rc8 25. Be5 N6d7 26. Bd6 Nf6 27. c3 Rcd8 28. Bc7 Rc8 29. Be5 N6d7 30. Bf4 Nf6 31. a4 {[%cal Ba2a4,Ba4a5][%mdl 32]} N8d7 32. a5 Nf8 33. Be5 N6d7 34. Bd6 Nf6 35. Bc5 Ra8 36. Re3 N6d7 37. Bd6 Nf6 38. Be5 N6d7 39. Bh2 Rac8 40. Bd6 Nf6 41. Ne5 a6 42. f4 Rcd8 43. Bc7 Rc8 44. Bd6 Rcd8 $1 {[%cal Rd8d6]} 45. Bb4 $36 {[%mdl 2048] Keeping Black busy.} Bc8 46. Kf2 N6d7 47. Nxd7 Rxe3 {[#]} 48. Nf6+ $1 {[%mdl 512]} gxf6 49. Rxe3 {aiming for Rg3+.} Ne6 $2 (49... f5 $16 50. Bc5 Bd7) 50. Be7 $18 {[%mdl 64] Double Attack. White is clearly winning.} Re8 51. Rg3+ Ng5 52. Bxf6 {[%mdl 64] [#] Pin} Kf8 53. fxg5 hxg5 54. Bxg5 {Accuracy: White = 50%, Black = 32%.} 1-0

[Event "1st Archibald 2019"]
[Site "Sochi"]
[Date "2019.05.14"]
[Round "3.17"]
[White "Osipov, Aleksandr"]
[Black "Martinovici, Ilie"]
[Result "0-1"]
[WhiteElo "2024"]
[BlackElo "2367"]
[Annotator "TA"]
[PlyCount "132"]
[EventDate "2019.05.12"]
[EventType "swiss"]
[EventCountry "RUS"]
[SourceTitle "playchess.com"]
[Source "ChessBase"]
[SourceQuality "1"]

{[%evp 19,132,51,108,0,0,0,0,0,0,0,0,0,8,0,0,-17,-18,-42,0,0,0,0,0,0,72,53,58,0,66,66,61,-160,0,-118,-118,-118,-125,-123,-123,-118,-116,-124,-124,-124,-110,-109,-111,-112,-55,-86,-86,-87,-87,-94,-46,-50,-45,-68,-56,-50,-57,-156,-156,-191,-186,-183,-156,-172,-138,-514,-531,-532,-501,-440,-349,-471,-138,-316,-206,-206,-206,-206,-194,-202,-158,-289,-206,-281,-206,-332,-318,-334,-191,-453,-412,-412,-397,-393,-369,-831,-811,-875,-847,-793,-736,-764,-714,-850,-766,-1651,-1470,-29992,-29993,-29998,-29999]} 1. d4 f5 2. e4 fxe4 3. Nc3 Nf6 4. Bg5 e6 5. Nxe4 Be7 6. Bxf6 Bxf6 7. Nf3 O-O 8. c3 Nc6 9. Bd3 d5 10. Nxf6+ Qxf6 ({Better is} 10... gxf6 $14 11. Qc2 Rf7) 11. Qc2 {A83: Dutch Defence: Staunton Gambit with 3 Nc3 Nf6 4 Bg5} (11. Qe2 $16) (11. Qe2 Bd7 12. Bb5 a6 13. Bxc6 Bxc6 14. Qe3 a5 15. O-O Ra6 16. Rfe1 Be8 17. Ne5 Rb6 18. Re2 a4 19. f3 Qe7 20. Rae1 Bb5 21. Rf2 Rc8 22. f4 Rf8 23. g3 Qd6 24. h4 Be8 {½-½ (24) Erigaisi,A (2270)-Stopa,J (2479) New Delhi 2017}) 11... e5 $1 $11 {[%cal Re5e4]} 12. dxe5 $146 ({Predecessor:} 12. Nxe5 Nxe5 13. dxe5 Qxe5+ 14. Qe2 Qg5 15. O-O Bg4 16. Qe3 Qxe3 17. fxe3 Rxf1+ 18. Rxf1 Re8 {½-½ (26) Skala,J (2016)-Krtous,Z (2080) Czechia 2012}) 12... Nxe5 13. Bxh7+ {The position is equal.} Kh8 14. Nxe5 Qxe5+ 15. Kf1 Bg4 $132 {[%mdl 2048] Black puts up resistance} 16. h3 Bh5 17. g4 Be8 {aiming for ...Qg3.} 18. Kg2 Qf4 (18... g6 $5 19. Bxg6 Bxg6 20. Qxg6 Rxf2+ 21. Kxf2 Rf8+ 22. Qf5 Rxf5+ 23. gxf5 Qxf5+ 24. Kg3 Qd3+ 25. Kh4 Qe4+ 26. Kg3 Qe3+ 27. Kh4 Qf2+ 28. Kg4 Qe2+ 29. Kh4 Qf2+ 30. Kg4 Qe2+ 31. Kh4 Qf2+ $17) 19. Rhe1 Qf3+ 20. Kg1 Qxh3 21. Bf5 {Hoping for Re3.} g6 (21... Rf6 $11 {keeps the balance.} 22. Qd3 Qxd3 23. Bxd3 Bc6) 22. Re3 $1 $16 {[%cal Re3h3]} Qh4 23. Kg2 {Threatens to win with Rh1.} (23. Qd3 $5 {[%cal Re3h3]} Qf6 24. Rh3+ (24. Re6 Qg5 $11) 24... Kg7 25. Qe3 $16) 23... Kg7 $1 {...Rh8 is the strong threat.} ({Wrong is} 23... gxf5 $2 24. Rh1 $18) 24. Rh1 Qg5 {[%cal Rf8f5]} 25. Qe2 $2 (25. f4 $1 $14 {stays ahead.} Qxf4 26. Qd2 (26. Rf3 $2 Qg5 $19)) 25... Rxf5 $2 (25... gxf5 $17 26. Re7+ Kg8 27. Qe6+ Bf7) 26. Rxe8 (26. Kf1 $1 $11 {was the only way to keep the balance.} Rf8 27. Reh3) 26... Rxe8 $17 27. Qxe8 {Black must now prevent Qh8+.} Qxg4+ {[%mdl 4096] Endgame KQR-KQR} 28. Kf1 {White wants to mate with Qh8+.} Qd1+ 29. Qe1 Qxe1+ (29... Qd3+ {with more complications.} 30. Qe2 Qb1+ 31. Qe1 Rh5 32. Rg1 Qxe1+ 33. Kxe1 a5) 30. Kxe1 {KR-KR} Rh5 31. Rg1 Kf6 32. Ke2 Re5+ 33. Kd3 Kf5 (33... Rf5 $17 34. Ke3 Re5+ 35. Kd3 Rf5) 34. a4 Re4 35. b3 c5 36. Rh1 Re7 37. Rh8 Ke5 38. Rg8 Rf7 39. Ke2 Rf6 40. Rg7 (40. a5 $15) 40... Rb6 41. Rc7 Kd6 $1 {[%cal Rd6c7]} 42. Rg7 Rxb3 43. Rxg6+ Ke5 44. Kd3 $2 {[%mdl 8192]} (44. Rg5+ $17 {is tougher.} Ke6 45. c4) 44... d4 $19 45. Rg5+ Kd6 46. Rg6+ Ke7 47. Kd2 dxc3+ $2 (47... Rxc3 $19 {is more deadly. And now ...Rb3 would win.} 48. Rg7+ Kd6 49. Rxb7 Ra3 50. Rxa7 c4) 48. Kd3 $2 {[#]} (48. Kc2 $17 Rb4 49. Kxc3) 48... c2+ $1 49. Kxc2 Rf3 $1 50. Rg7+ Rf7 51. Rg2 Kd6 52. Kc3 (52. Rg6+ $17 Kd5 53. Rg5+ Kd6 54. Kd3) 52... Rf3+ 53. Kc2 Ra3 54. Rg7 (54. Rg4 {was called for.}) 54... Kc6 ({Not} 54... Rxa4 55. Rxb7 a5 56. Ra7 $17) 55. Rg6+ Kc7 $1 56. Rg7+ $2 (56. Rg5 {only move.}) 56... Kb6 $1 57. Rg6+ {[#]} Ka5 $1 58. Rg7 {[#]} Ka6 $1 59. f4 $2 (59. Kd2 Rxa4 60. Rg1) 59... Rxa4 60. f5 Rf4 61. Rf7 c4 62. Kc3 Kb6 63. f6 Kc6 64. Kb4 {[#]} a5+ $1 {[%mdl 64] Deflection, Promotion} 65. Kxa5 c3 66. Rf8 b6+ {Accuracy: White = 26%, Black = 61%.} 0-1

[Event "1st Archibald 2019"]
[Site "Sochi"]
[Date "2019.05.14"]
[Round "3.18"]
[White "Bocharov, Dmitry"]
[Black "Dashko, Andrey"]
[Result "1/2-1/2"]
[WhiteElo "2530"]
[BlackElo "2211"]
[Annotator "TA"]
[PlyCount "92"]
[EventDate "2019.05.12"]
[EventType "swiss"]
[EventCountry "RUS"]
[SourceTitle "playchess.com"]
[Source "ChessBase"]
[SourceQuality "1"]

{[%evp 12,92,41,43,52,54,47,51,56,39,48,50,84,91,89,58,54,49,111,66,44,36,32,47,55,53,78,37,47,32,40,40,41,29,32,6,56,52,33,9,10,10,35,47,34,37,23,0,0,0,0,-20,-30,-31,-29,-33,-14,-16,-23,-90,-43,-55,-31,-74,0,0,0,0,0,0,0,-6,47,43,41,2,18,0,46,0,10,0,45]} 1. e4 c5 2. Nf3 e6 3. d4 cxd4 4. Nxd4 a6 5. Bd3 Bc5 6. Nb3 Be7 7. O-O Nc6 {B42: Sicilian: Kan Variation: 5 Bd3} (7... d6 8. Qg4 g6 9. Qe2 Nd7 10. Na3 Ne5 11. f4 Nxd3 12. cxd3 Nf6 13. Be3 b5 14. Kh1 O-O 15. Rac1 e5 16. f5 gxf5 {1-0 (31) Navara,D (2740)-Gajewski,G (2601) Katowice 2017}) 8. Qg4 Bf6 9. f4 d6 {White is slightly better.} 10. Nc3 Nge7 11. Be3 Ng6 12. Rad1 $146 {Hoping for e5!} ({Predecessor:} 12. Qf3 O-O 13. Rad1 Qc7 14. Rd2 b5 15. Nd1 {0-1 (39) Hacker,J (1765)-Carow,J (2171) Oberhof 2011}) 12... Qc7 13. Kh1 O-O 14. Qh5 Re8 (14... Nce7 $14) 15. Rf3 Nf8 16. e5 g6 $1 {[%cal Rg6h5]} 17. exd6 Qxd6 18. Ne4 Qe7 19. Nxf6+ Qxf6 20. Qg5 Qxg5 21. fxg5 Ne5 22. Rff1 Nxd3 23. cxd3 {Threatening Nc5.} Bd7 24. Na5 b5 25. Rd2 e5 26. Nb7 Bc6 27. Nd6 {[%mdl 64] [#] aiming for Rc2. Double Attack} Re7 $1 28. Rc1 Bd5 29. Nc8 Re8 30. Nb6 Rad8 31. a3 Ne6 32. Kg1 Bb7 33. a4 Rd6 34. a5 Red8 35. Rcd1 (35. Rc3 $11 {remains equal.}) 35... Nd4 36. b4 Bc8 37. Rc1 Bf5 ({Black should try} 37... Bg4 $17 {...Nb3 is the strong threat.} 38. Rc7 Nb3) 38. Rc3 $1 $11 Kg7 39. Kf2 Nc6 40. Bc5 Rxd3 41. Rdxd3 Rxd3 (41... Bxd3 $11 42. Na8 Bc4) 42. Rxd3 $14 Bxd3 $11 {KBN-KBN} 43. Ke3 Bf1 44. Kf2 Bd3 45. Ke3 {[%mdl 1024] White has compensation.} Bf1 46. Kf2 Bd3 $1 {Accuracy: White = 56%, Black = 57%.} 1/2-1/2

[Event "1st Archibald 2019"]
[Site "Sochi"]
[Date "2019.05.14"]
[Round "3.19"]
[White "Najdin, Danil"]
[Black "Azimov, Ilyas"]
[Result "0-1"]
[WhiteElo "2314"]
[BlackElo "2223"]
[Annotator "RC"]
[PlyCount "112"]
[EventDate "2019.05.12"]
[EventType "swiss"]
[EventCountry "RUS"]
[SourceTitle "playchess.com"]
[Source "ChessBase"]
[SourceQuality "1"]
[TimeControl "5400+30"]

1. e4 {[%emt 1:15:20]} c5 {[%emt 1:15:20]} 2. Nf3 {[%emt 0:00:27]} e6 {[%emt 0:07:21]} 3. d4 {[%emt 0:00:20]} cxd4 {[%emt 0:00:25]} 4. Nxd4 {[%emt 0:00:29]} Nc6 {[%emt 0:00:28]} 5. Nxc6 {[%emt 0:01:57]} bxc6 {[%emt 0:00:22]} 6. Bd3 {[%emt 0:00:23]} Nf6 {[%emt 0:00:21]} 7. O-O {[%emt 0:00:21]} d5 {[%emt 0:00:21]} 8. Bg5 {[%emt 0:00:21]} Be7 {[%emt 0:00:22]} 9. Nc3 {[%emt 0:00:23]} Nxe4 {[%emt 0:00:21]} 10. Bxe7 {[%emt 0:02:02]} Nxc3 {[%emt 0:00:20]} 11. Qe1 {[%emt 0:00:20]} Qxe7 {[%emt 0:00:29]} 12. Qxc3 {[%emt 0:00:26]} O-O {[%emt 0:01:51]} 13. Qxc6 {[%emt 0:00:20]} Bb7 {[%emt 0:00:20]} 14. Qa4 {[%emt 0:00:28]} e5 {[%emt 0:00:22]} 15. Rfe1 {[%emt 0:00:24]} f5 {[%emt 0:00:21]} 16. Rad1 {[%emt 0:12:56]} Qf6 {[%emt 0:08:46]} 17. f4 {[%emt 0:00:20]} Qb6+ {[%emt 0:00:24]} 18. Kf1 {[%emt 0:00:22]} e4 {[%emt 0:00:36]} 19. Be2 {[%emt 0:01:41]} Qh6 {[%emt 0:00:30]} 20. g3 {[%emt 0:00:30]} Qxh2 {[%emt 0:00:24]} 21. Qb3 {[%emt 0:00:30]} Qh1+ {[%emt 0:00:36]} 22. Kf2 {[%emt 0:00:30]} Qh2+ {[%emt 0:00:30]} 23. Kf1 {[%emt 0:00:30]} Rab8 {[%emt 0:00:30]} 24. Qe3 {[%emt 0:00:30]} Ba8 {[%emt 0:00:30]} 25. b3 {[%emt 0:00:30]} Rbd8 {[%emt 0:00:30]} 26. Rd4 {[%emt 0:00:30]} Rf6 {[%emt 0:00:30]} 27. Qf2 {[%emt 0:00:30]} Qh3+ {[%emt 0:00:30]} 28. Qg2 {[%emt 0:00:30]} Qh6 {[%emt 0:00:30]} 29. Kg1 {[%emt 0:00:30]} g5 {[%emt 0:00:30]} 30. Rf1 {[%emt 0:00:24]} Qg7 {[%emt 0:00:30]} 31. fxg5 {[%emt 0:00:36]} Rg6 {[%emt 0:00:30]} 32. c3 {[%emt 0:00:30]} Rxg5 {[%emt 0:00:30]} 33. Kh2 {[%emt 0:00:30]} Rd6 {[%emt 0:00:30]} 34. g4 {[%emt 0:00:30]} fxg4 {[%emt 0:00:30]} 35. Qg3 {[%emt 0:00:30]} Qe5 {[%emt 0:00:30]} 36. Rf4 {[%emt 0:00:30]} Rh6+ {[%emt 0:00:30]} 37. Kg2 {[%emt 0:00:30]} Rh3 {[%emt 0:00:30]} 38. Qf2 {[%emt 0:00:30]} Rh2+ {[%emt 0:00:30]} 39. Kxh2 {[%emt 0:00:30]} g3+ {[%emt 0:00:30]} 40. Qxg3 {[%emt 0:00:28]} Rxg3 {[%emt 0:00:30]} 41. Kxg3 {[%emt 0:00:32]} h5 {[%emt 0:00:30]} 42. Bxh5 {[%emt 0:00:30]} Qxh5 {[%emt 0:00:30]} 43. Ra4 {[%emt 0:00:30]} Qd1 {[%emt 0:00:30]} 44. Kh4 {[%emt 0:00:30]} Bc6 {[%emt 0:00:30]} 45. Rg4+ {[%emt 0:00:30]} Kf8 {[%emt 0:00:30]} 46. Rxa7 {[%emt 0:00:30]} Qe1+ {[%emt 0:00:25]} 47. Kg5 {[%emt 0:00:30]} Qe3+ {[%emt 0:00:21]} 48. Rf4+ {[%emt 0:00:24]} Ke8 {[%emt 0:00:27]} 49. Raf7 {[%emt 0:00:36]} Bd7 {[%emt 0:00:47]} 50. Kg6 {[%emt 0:00:30]} Qg3+ {[%emt 0:00:30]} 51. Kh6 {[%emt 0:00:30]} e3 {[%emt 0:00:30]} 52. Rf8+ {[%emt 0:00:30]} Ke7 {[%emt 0:00:30]} 53. R8f7+ {[%emt 0:00:30]} Kd6 {[%emt 0:00:30]} 54. R4f6+ {[%emt 0:00:30]} Be6 {[%emt 0:00:30]} 55. Ra7 {[%emt 0:00:30]} Qh4+ {[%emt 0:00:21]} 56. Kg6 {[%emt 0:00:29]} Qg4+ {[%emt 0:00:39]} 0-1